Normal view
MARC view
- Yadav,r &. Singh
Entry Personal Name
001 - CONTROL NUMBER
- control field: 57553
003 - CONTROL NUMBER IDENTIFIER
- control field: OSt
005 - DATE AND TIME OF LATEST TRANSACTION
- control field: 20220806105538.0
008 - FIXED-LENGTH DATA ELEMENTS
- fixed length control field: 220806|| aca||aabn | a|a d
040 ## - CATALOGING SOURCE
- Original cataloging agency: OSt
- Transcribing agency: OSt
100 ## - HEADING--PERSONAL NAME
- Personal name: Yadav,r &. Singh
670 ## - SOURCE DATA FOUND
- Source citation: Work cat.: (OSt)33093: Yadav,r &. Singh., Information Technology In Management, 2011